[Event "IECC Swiss-566.2"]
[Site "IECC email"]
[Date "2013.08.09"]
[Round "?"]
[White "Phillips, David A"]
[Black "Gurgui, Dan Constantin"]
[Result "1/2-1/2"]
[WhiteElo "1286"]
[BlackElo "1380"]
[PlyCount "106"]
[EventDate "2013.??.??"]
[EventType "swiss (corr)"]
[EventRounds "1"]
[SourceTitle "Telechess CBM 165"]
[Source "ChessBase"]
[SourceDate "2015.03.11"]
[SourceVersion "1"]
[SourceVersionDate "2015.03.11"]
[SourceQuality "1"]
[WhiteTeam "England"]
[WhiteTeamCountry "ENG"]

1. d4 d6 2. c4 Nd7 3. Nc3 e6 4. e4 Ne7 5. Bd3 g6 6. Nf3 Bg7 7. 0-0 0-0 8. Bg5 f6 9. Bh4 b6 10. Qb3 Bb7 11. Rac1 c5 12. d5 exd5 13. exd5 Ne5 14. Nxe5 fxe5 15. Ne4 Qe8 16. Nxd6 Qd7 17. Nxb7 Qxb7 18. Rce1 Nf5 19. Bxf5 Rxf5 20. Bg3 Re8 21. Rd1 Qd7 22. Qb5 Rd8 23. Qxd7 Rxd7 24. Rfe1 h5 25. f4 exf4 26. Bf2 Bxb2 27. Re6 Kf7 28. Rc6 Rf6 29. d6 Be5 30. Rc7 Ke8 31. Rc8+ Rd8 32. d7+ Ke7 33. Rxd8 Kxd8 34. Bh4 a6 35. Bxf6+ Bxf6 36. Rd6 Be7 37. Rxb6 Kxd7 38. Rxa6 g5 39. a4 Bd6 40. Kf2 Bc7 41. Rg6 Bd8 42. Kf3 h4 43. g3 hxg3 44. hxg3 fxg3 45. Kxg3 Kc8 46. Rc6+ Kb7 47. Rxc5 Bc7+ 48. Kg4 Bf4 49. Rb5+ Ka7 50. a5 Be3 51. c5 Ka6 52. Rb3 Bxc5 53. Kxg5 Kxa5 1/2-1/2

[Event "IECC Swiss-568.1"]
[Site "IECC email"]
[Date "2013.05.08"]
[Round "?"]
[White "Tavenrath, Rainer"]
[Black "Gurgui, Dan Constantin"]
[Result "1-0"]
[WhiteElo "1654"]
[BlackElo "1349"]
[PlyCount "43"]
[EventDate "2013.??.??"]
[EventType "swiss (corr)"]
[EventRounds "1"]
[SourceTitle "Telechess CBM 165"]
[Source "ChessBase"]
[SourceDate "2015.03.11"]
[SourceVersion "1"]
[SourceVersionDate "2015.03.11"]
[SourceQuality "1"]
[WhiteTeam "Germany"]
[WhiteTeamCountry "GER"]

1. e4 e5 2. Nf3 Nf6 3. Nxe5 d6 4. Nf3 Nxe4 5. d4 d5 6. Bd3 f5 7. Ne5 Qh4 8. g3 Qf6 9. Bf4 Qb6 10. Nd2 Be7 11. c3 Nd7 12. Bxe4 fxe4 13. Qh5+ g6 14. Nxd7 Qxb2 15. Qe5 Qxa1+ 16. Ke2 Qxh1 17. Bg5 Kxd7 18. Qxe7+ Kc6 19. Qc5+ Kd7 20. Bf6 e3 21. Nf3 exf2 22. Qxd5+ 1-0

[Event "IECC M1-2013.T011"]
[Site "IECC email"]
[Date "2013.02.01"]
[Round "?"]
[White "Lunt, Alyn"]
[Black "Gurgui, Dan Constantin"]
[Result "0-1"]
[WhiteElo "1026"]
[BlackElo "1379"]
[PlyCount "48"]
[EventDate "2013.??.??"]
[EventType "match (corr)"]
[EventRounds "2"]
[SourceTitle "Telechess CBM 165"]
[Source "ChessBase"]
[SourceDate "2015.03.11"]
[SourceVersion "1"]
[SourceVersionDate "2015.03.11"]
[SourceQuality "1"]
[WhiteTeam "Canada"]
[WhiteTeamCountry "CAN"]

1. e4 Nc6 2. Bc4 Nf6 3. Nc3 e6 4. d3 d5 5. Nb5 dxc4 6. dxc4 Nxe4 7. Qxd8+ Kxd8 8. Nf3 Bc5 9. Ng5 Nxg5 10. Bxg5+ f6 11. Bf4 e5 12. Rd1+ Bd6 13. Nxd6 cxd6 14. Rxd6+ Kc7 15. Rd5 exf4 16. 0-0 Be6 17. Rc5 b6 18. Rh5 Bxc4 19. Rd1 Be2 20. Rd2 Bxh5 21. a4 Rad8 22. Rxd8 Rxd8 23. h4 g5 24. hxg5 fxg5 0-1

[Event "IECC CL6-2012.07 email"]
[Site "IECC email"]
[Date "2012.11.24"]
[Round "?"]
[White "Gurgui, Dan Constantin"]
[Black "D'Aragona, Vittoria"]
[Result "1/2-1/2"]
[WhiteElo "1403"]
[BlackElo "1373"]
[PlyCount "63"]
[EventDate "2012.??.??"]
[EventType "tourn (corr)"]
[EventRounds "4"]
[SourceTitle "Telechess CBM 165"]
[Source "ChessBase"]
[SourceDate "2015.03.11"]
[SourceVersion "1"]
[SourceVersionDate "2015.03.11"]
[SourceQuality "1"]

1. e4 e6 2. d4 d5 3. exd5 exd5 4. Nf3 Nf6 5. Bb5+ c6 6. Bd3 Bd6 7. Qe2+ Qe7 8. Qxe7+ Bxe7 9. 0-0 0-0 10. Re1 Re8 11. Nc3 Be6 12. Bf4 h6 13. Re2 Nh5 14. Bd2 Na6 15. a3 Bd6 16. Ne5 Nc7 17. Rae1 Nf6 18. Bf4 Rad8 19. b4 Bc8 20. Be3 Ng4 21. Bf4 Ne6 22. Nxg4 Bxf4 23. Bf5 h5 24. Bxe6 Rxe6 25. Ne5 Rde8 26. g3 Bh6 27. Rf1 f6 28. f4 fxe5 29. fxe5 Rg6 30. Kg2 Bg4 31. Ref2 Be3 32. Ne2 1/2-1/2

[Event "IECC CL6-2012.07 email"]
[Site "IECC email"]
[Date "2012.11.24"]
[Round "?"]
[White "Mora, Sebastian"]
[Black "Gurgui, Dan Constantin"]
[Result "1/2-1/2"]
[WhiteElo "1298"]
[BlackElo "1384"]
[PlyCount "72"]
[EventDate "2012.??.??"]
[EventType "tourn (corr)"]
[EventRounds "4"]
[SourceTitle "Telechess CBM 165"]
[Source "ChessBase"]
[SourceDate "2015.03.11"]
[SourceVersion "1"]
[SourceVersionDate "2015.03.11"]
[SourceQuality "1"]
[WhiteTeam "Chile"]
[WhiteTeamCountry "CHI"]

1. e4 d5 2. exd5 Qxd5 3. Nc3 Qe6+ 4. Be2 Qg6 5. g3 Nc6 6. d4 Nb4 7. Nb5 Nxc2+ 8. Kf1 Kd8 9. Nxc7 Kxc7 10. Bd3 Qc6 11. Qxc2 Qxc2 12. Bxc2 Nf6 13. Nf3 Bh3+ 14. Kg1 h6 15. Bb3 e6 16. Ne5 Bd6 17. Nxf7 Rhf8 18. Nxd6 Kxd6 19. Bf4+ Ke7 20. Re1 Rad8 21. Bd2 Kf7 22. Bb4 Rfe8 23. Bc3 Rc8 24. f3 Nd5 25. Rc1 Nxc3 26. bxc3 g5 27. Kf2 h5 28. Rhe1 Kf6 29. g4 hxg4 30. Kg3 e5 31. fxg4 exd4 32. Kxh3 Rxe1 33. Rxe1 dxc3 34. Re6+ Kg7 35. Bc2 Rc5 36. Re7+ Kf6 1/2-1/2

[Event "IECC TH-M-2949"]
[Site "IECC email"]
[Date "2012.11.12"]
[Round "?"]
[White "Garau, Bernard"]
[Black "Gurgui, Dan Constantin"]
[Result "1-0"]
[WhiteElo "1440"]
[BlackElo "1271"]
[PlyCount "69"]
[EventDate "2012.??.??"]
[EventType "tourn (corr)"]
[SourceTitle "Telechess CBM 165"]
[Source "ChessBase"]
[SourceDate "2015.03.11"]
[SourceVersion "1"]
[SourceVersionDate "2015.03.11"]
[SourceQuality "1"]
[WhiteTeam "France"]
[WhiteTeamCountry "FRA"]

1. d4 d5 2. Nf3 Nf6 3. a3 e6 4. Bf4 Bd6 5. Bxd6 Qxd6 6. e3 Bd7 7. c4 b6 8. Nc3 0-0 9. Be2 c6 10. 0-0 c5 11. dxc5 bxc5 12. e4 Nc6 13. cxd5 exd5 14. exd5 Ne7 15. Bc4 Rfe8 16. Re1 Nf5 17. Qd2 Rab8 18. h3 Qb6 19. b3 Nd4 20. Rxe8+ Rxe8 21. Nxd4 cxd4 22. Ne2 Re4 23. Rd1 Qc5 24. Ng3 Rh4 25. Qg5 Rh6 26. Qe5 Qxa3 27. d6 Qb4 28. Qe7 Qb8 29. Bxf7+ Kh8 30. Rxd4 Bc6 31. Rb4 Qa8 32. Nf5 Ng8 33. Bxg8 Rg6 34. Bd5 Bxd5 35. Rg4 1-0

[Event "IECC TH-M-2949"]
[Site "IECC email"]
[Date "2012.11.12"]
[Round "?"]
[White "Gurgui, Dan Constantin"]
[Black "Garau, Bernard"]
[Result "0-1"]
[WhiteElo "1281"]
[BlackElo "1430"]
[PlyCount "59"]
[EventDate "2012.??.??"]
[EventType "tourn (corr)"]
[SourceTitle "Telechess CBM 165"]
[Source "ChessBase"]
[SourceDate "2015.03.11"]
[SourceVersion "1"]
[SourceVersionDate "2015.03.11"]
[SourceQuality "1"]
[BlackTeam "France"]
[BlackTeamCountry "FRA"]

1. d4 d5 2. Nf3 Nf6 3. a3 c6 4. e3 Bf5 5. Nc3 e6 6. Be2 h6 7. Bd3 Nbd7 8. Bxf5 exf5 9. Qd3 Ne4 10. 0-0 Bd6 11. Nd2 Qh4 12. g3 Qh3 13. Ncxe4 fxe4 14. Qe2 h5 15. f4 h4 16. g4 g5 17. b4 Nf6 18. Kh1 Rg8 19. c4 Kf8 20. Qg2 Qxg2+ 21. Kxg2 Nxg4 22. Nb3 gxf4 23. Kh3 fxe3 24. Ra2 Nxh2 25. Rxh2 Rg3+ 26. Kxh4 Kg7 27. Rf5 Kg6 28. Rh5 f5 29. c5 Rg4+ 30. Kh3 0-1

[Event "IECC M1-2012.T071"]
[Site "IECC email"]
[Date "2012.11.09"]
[Round "?"]
[White "Gurgui, Dan Constantin"]
[Black "Martin, Dennis"]
[Result "0-1"]
[WhiteElo "1289"]
[BlackElo "1680"]
[PlyCount "52"]
[EventDate "2012.??.??"]
[EventType "match (corr)"]
[EventRounds "2"]
[SourceTitle "Telechess CBM 165"]
[Source "ChessBase"]
[SourceDate "2015.03.11"]
[SourceVersion "1"]
[SourceVersionDate "2015.03.11"]
[SourceQuality "1"]
[BlackTeam "US of America"]
[BlackTeamCountry "USA"]

1. e4 e5 2. f4 exf4 3. Nf3 Nf6 4. e5 Nh5 5. d4 Bb4+ 6. c3 Ba5 7. Nbd2 d5 8. exd6 0-0 9. dxc7 Bxc7 10. Nc4 Re8+ 11. Be2 Qe7 12. Nfe5 Qh4+ 13. Kd2 Nc6 14. Bxh5 Nxe5 15. Nxe5 Bxe5 16. Qf3 g6 17. dxe5 Rxe5 18. Bxg6 hxg6 19. Kc2 Bf5+ 20. Kb3 Rb5+ 21. Ka4 Qf6 22. b4 a5 23. Bxf4 Qa6 24. Kb3 axb4 25. cxb4 Qa3+ 26. Kc4 Qxb4# 0-1